[Event "HUN-chT 1415"]
[Site "Hungary"]
[Date "2015.01.25"]
[Round "5.4"]
[White "Szalai, Kornel"]
[Black "Juhasz, Kristof"]
[Result "1-0"]
[WhiteElo "2388"]
[BlackElo "2360"]
[PlyCount "51"]
[EventDate "2014.10.12"]
[EventType "team-tourn"]
[EventRounds "9"]
[EventCountry "HUN"]
[SourceTitle "EXT 2016"]
[Source "ChessBase"]
[SourceDate "2015.10.08"]
[SourceVersion "1"]
[SourceVersionDate "2015.10.08"]
[SourceQuality "1"]
[WhiteTeam "Mako"]
[BlackTeam "Budapest Titanok"]
[WhiteTeamCountry "HUN"]
[BlackTeamCountry "HUN"]

1. Nf3 d5 2. g3 c6 3. Bg2 Nf6 4. 0-0 Bg4 5. d3 Nbd7 6. Nbd2 e5 7. e4 dxe4 8. dxe4 Bc5 9. h3 Bh5 10. Qe1 0-0 11. Nh4 Re8 12. Nf5 Qc7 13. Nc4 b5 14. Nce3 Bb6 15. a4 a6 16. a5 Ba7 17. b4 Nf8 18. c4 bxc4 19. Bb2 Bd4 20. Nxd4 exd4 21. Bxd4 Nxe4 22. Bxg7 Kxg7 23. Bxe4 Kg8 24. Bg2 Bg6 25. Qc3 Rad8 26. Ng4 1-0

[Event "HUN-chT 1415"]
[Site "Hungary"]
[Date "2014.12.14"]
[Round "4.4"]
[White "Fogarasi, Tibor"]
[Black "Szalai, Kornel"]
[Result "1/2-1/2"]
[WhiteElo "2369"]
[BlackElo "2388"]
[PlyCount "52"]
[EventDate "2014.10.12"]
[EventType "team-tourn"]
[EventRounds "9"]
[EventCountry "HUN"]
[SourceTitle "EXT 2016"]
[Source "ChessBase"]
[SourceDate "2015.10.08"]
[SourceVersion "1"]
[SourceVersionDate "2015.10.08"]
[SourceQuality "1"]
[WhiteTeam "MLTC"]
[BlackTeam "Mako"]
[WhiteTeamCountry "HUN"]
[BlackTeamCountry "HUN"]

1. e4 c5 2. Nf3 d6 3. d4 cxd4 4. Nxd4 Nf6 5. Nc3 a6 6. Qf3 g6 7. h3 Bg7 8. Be3 0-0 9. 0-0-0 h5 10. e5 dxe5 11. Ne6 Qa5 12. Nxf8 Bxf8 13. Bc4 Nbd7 14. Nd5 Rb8 15. Bb3 b5 16. g4 h4 17. Ba7 Rb7 18. Nxf6+ exf6 19. Be3 Qc7 20. Rxd7 Qxd7 21. Qxf6 Qd6 22. Qxh4 Rd7 23. Qg3 a5 24. c3 a4 25. Bc2 a3 26. Rd1 axb2+ 1/2-1/2

[Event "HUN-chT 1314"]
[Site "Hungary"]
[Date "2014.03.23"]
[Round "7"]
[White "Szalai, Kornel"]
[Black "Hera, Imre Jr"]
[Result "0-1"]
[WhiteElo "2416"]
[BlackElo "2564"]
[PlyCount "106"]
[EventDate "2013.09.08"]
[EventType "team-tourn"]
[EventRounds "9"]
[EventCountry "HUN"]
[SourceTitle "EXT 2015"]
[Source "ChessBase"]
[SourceDate "2014.11.20"]
[SourceVersion "1"]
[SourceVersionDate "2014.11.20"]
[SourceQuality "1"]
[WhiteTeam "Mako"]
[BlackTeam "Penzugyor"]
[WhiteTeamCountry "HUN"]
[BlackTeamCountry "HUN"]

1. Nf3 d5 2. g3 Nf6 3. Bg2 e6 4. 0-0 Be7 5. d3 c5 6. Qe1 Nc6 7. e4 0-0 8. Na3 b6 9. e5 Ne8 10. c4 Nc7 11. Qe2 Ba6 12. Bf4 b5 13. Rad1 Rb8 14. b3 Qd7 15. h4 h6 16. Nc2 Rfd8 17. Ne3 Qe8 18. h5 bxc4 19. dxc4 dxc4 20. Nxc4 Nd5 21. Qe4 Ncb4 22. Bd2 Nxa2 23. Ra1 Nab4 24. Rfc1 Kh8 25. Bf1 Bb7 26. Rxa7 Nc3 27. Qg4 Nb5 28. Raa1 Nd4 29. Nxd4 Rxd4 30. Qh3 Nd3 31. Rc2 Be4 32. Bc3 Rdd8 33. Re2 Bf5 34. Qh1 Rxb3 35. Ba5 Ra8 36. Rea2 Kh7 37. Nd6 Bxd6 38. exd6 Ra7 39. Bc7 Rxa2 40. Rxa2 Ne5 41. Ra8 Qd7 42. Rd8 Qa4 43. Qa8 Rxg3+ 44. fxg3 Qd4+ 45. Kh1 Be4+ 46. Qxe4+ Qxe4+ 47. Bg2 Qe1+ 48. Kh2 Ng4+ 49. Kh3 Qe5 50. Bb7 Qxh5+ 51. Kg2 Qh2+ 52. Kf3 Qf2+ 53. Kxg4 Qf5+ 0-1

[Event "HUN-chT 1314"]
[Site "Hungary"]
[Date "2013.10.20"]
[Round "3"]
[White "Lenic, Luka"]
[Black "Szalai, Kornel"]
[Result "1-0"]
[WhiteElo "2630"]
[BlackElo "2416"]
[PlyCount "53"]
[EventDate "2013.09.08"]
[EventType "team-tourn"]
[EventRounds "9"]
[EventCountry "HUN"]
[SourceTitle "EXT 2015"]
[Source "ChessBase"]
[SourceDate "2014.11.20"]
[SourceVersion "1"]
[SourceVersionDate "2014.11.20"]
[SourceQuality "1"]
[WhiteTeam "Aquaprofit"]
[BlackTeam "Mako"]
[WhiteTeamCountry "HUN"]
[BlackTeamCountry "HUN"]

1. d4 Nf6 2. c4 e6 3. Nc3 d5 4. Bg5 Be7 5. Nf3 0-0 6. e3 b6 7. Bd3 Bb7 8. 0-0 Nbd7 9. Qe2 c5 10. Rad1 cxd4 11. exd4 Re8 12. Rfe1 dxc4 13. Bxc4 Qc8 14. Bb3 a6 15. Qd3 b5 16. Ne5 Nb6 17. Qh3 Bd8 18. Qh4 Nbd5 19. Rc1 Qb8 20. Bc2 h6 21. Bxh6 Kf8 22. Nxd5 Bxd5 23. Bg5 Ra7 24. Qh8+ Ng8 25. Bf4 Qa8 26. Bh7 Ke7 27. Qxg7 1-0